Most Spoken Languages in the Netherlands - Statistics

General Stats
  • This quiz has been taken 145 times
  • The average score is 10 of 13
Answer Stats
Percentage Language % Correct
97.5% Dutch
100%
28.26% German
99%
38.46% English
98%
15.57% French
94%
3.24% Spanish
91%
0.57% Arabic
83%
0.94% Italian
79%
0.28% Polish
79%
0.9% Turkish
72%
0.6% Portuguese
71%
0.44% Swedish
56%
0.22% Greek
49%
0.31% Croatian
21%
No matching quizzes found
Score Distribution
Percent of People with Each Score
Percentile by Number Answered
Your Score History
You have not taken this quiz